000 00793nam a2200217Ii 4500
003 JO-AjNU
008 230605s9999||||xx |||||||||||||| ||und||
017 _a2002/10/2590
040 _aJO-AjNU
_bara
_erda
_cJO-AjNU
041 _aara
050 1 4 _aDS119765.J3762 2002
100 3 _aاعداد جرادات، مهدي,
_eauthor
_920410
245 0 0 _aانتفاضة الاقصى المباركة: العام الثاني للانتفاضة
250 _aط1
264 3 1 _aاالزرقاء: مكتبة الشهيد، 2002
300 _a91ص
336 _atext
_btxt
_2rdacontent
337 _aunmediated
_bn
_2rdamedia
338 _avolume
_bnc
_2rdacarrier
650 4 _aتاريخ فلسطين- الاحتلال الاسرائيلي الفلسطيني- انتفاضة الاقصى
_920411
999 _aA6913
_c10481
_d10481